02193nam a2200385 a 450000100100000000500170001000800410002702000250006802000230009304000250011608200150014110000300015624501950018626000530038130000320043449000100046650500540047659000260053070000280055670000470058470000340063170000340066571000600069983000170075995201140077695201140089095201080100495201140111295201140122695201080134095201140144895201140156295201140167699900170179000004696820201002053242.0150130s2016 dr abc 000 0 spa d a9789945 595802(v. 1) a9789945599640(v.2) aDO-SdBNPbspacBNPHU axxxxbxxxx1 aRosa, Dolore de la97487110aMatemática 4 :bcuarto grado, segundo ciclo educación primaria /cMartha Escaño, Dolore de la Rosa Juan Antonio Manzueta Concepción ; ilustraciones Ramón Sandoval, Osvaldo Flowers. aSanto Domingo :bActualidad Escolar 2000,c2016. av. :bil., retrs. ;c22 cm.1 aVeraz av. 1 ;tLibro de textogv. 2 :tlibro del maestro aInventariado, 2018/VM1 aEscaño, Martha9584861 aManzueta Concepción, Juan Antonio9748721 aSandoval, Ramóneil.9109551 aFlowers, Osvaldoeil..9748732 aActualidad Escolar 2000,(República Dominicana)973571 0aVeraz974848 0010718PDaGRbGRcHDd2018-04-10iLF1l0ov. 1, e. 3p46968-30r2020-06-25w2020-06-25yLFPDZNo se presta 0010718PDaGRbGRcHDd2018-11-21iLF1l0ov. 2, e. 3p46968-60r2020-06-25w2020-06-25yLFPDZNo se presta 0010718PDaPDbPDcHDd2018-04-10iLF1l0ov. 1p46968-10r2020-06-25w2020-06-25yLFPDZNo se presta 0010718PDaPDbPDcHDd2018-04-10iLF1l0ov. 1, e. 2p46968-20r2020-06-25w2020-06-25yLFPDZNo se presta 0010718PDaPDbPDcHDd2018-11-21iLF1l0ov. 2, e. 2p46968-40r2020-06-25w2020-06-25yLFPDZNo se presta 0010718PDaPDbPDcHDd2018-11-21iLF1l0ov. 2p46968-50r2020-06-25w2020-06-25yLFPDZNo se presta 00107-18PDaGRbGRcOId2018-04-10iLF1l0oxxxx xxxxp46969-30r2020-06-25w2020-06-25yLFPDZNo se presta 00107-18PDaPDbPDcOId2018-04-10iLF1l0oxxxx xxxxp46969-10r2020-06-25w2020-06-25yLFPDZNo se presta 00107-18PDaPDbPDcOId2018-04-10iLF1l0oxxxx xxxxp46969-20r2020-06-25w2020-06-25yLFPDZNo se presta c46456d46456